Responses for Show #3656 - Monday, June 26, 2000

Contestants

[<< previous game]

Brad Koplinski, a policy analyst from Silver Spring, Maryland

Rick Robertson, an environmental consultant from Carrollton, Texas (whose 1-day cash winnings total $8,800)

Michele Harvey, a software engineer from Centreville, Virginia (whose 3-day cash winnings total $25,000)

[next game >>]

Jeopardy! Round responses

JUNE 26
MEASURED IN INCHES
ISLAND COUNTRIES
ACTORS & ACTRESSES
ORGANIZATIONS
"A" PLUS
    $100 26
United Nations

Rick
    $100 14
bedsheet

Michele
    $100 11
Australia

Brad
    $100 1
The Magnificent Seven

Rick
    $100 6
Better Business Bureau

Rick
    $100 13
ad-lib

Michele
    $200 27
Pearl S. Buck

Rick
    $200 15
floppy disk

Brad
    $200 12
Cuba

Brad
    $200 2
Phil Silvers

Brad
    $200 7
garlic

Triple Stumper
    $200 16
air guitar

Brad
    $300 28
Ich bin ein Berliner

Rick
    $300 20
barometer

Rick
    $300 23
Taiwan

Michele
    $300 3
Working Girl

Brad
    $300 8
Scrabble

Brad
    $300 17
Afghan

Michele
    $400 29
(Brad: Who was Richard II?)

Richard III

MicheleBrad
    $400 21
hats

Michele
    $400 24
Samoa

Michele
    $400 4
Family Affair

Rick
    $400 9
(Brad: What is the March of Dimes?)

Easter Seals

RickBrad
    $400 18
abbot

Rick
    $500 30
(Brad: Who was Cortez?)

Francisco Pizarro

RickBrad
    $500 22
(Michele: I have no idea.)

telescope

Michele
    $500 25
Madagascar

Michele
    $500 5
Nicholas II

Brad
    $500 10
(Michele: What is Kiwanis?)

Rotary Club

MicheleRick
    $500 19
aerodynamic

Michele

Scores at the first commercial break (after clue 15):

Michele Rick Brad
-$300 $1,500 $1,400

Scores at the end of the Jeopardy! Round:

Michele Rick Brad
$2,000 $3,300 $700

Double Jeopardy! Round responses

PHYSICAL SCIENCE
WOMEN IN SPORTS
COMPLETES THE MAJOR PAPER
BRITANNIA
ALL HANDS ON "DEC"
FUN WITH OSCAR-WINNING FILMS
    $200 2
gas

Rick
    $200 1
Muhammad Ali

Rick
    $200 20
Journal

Michele
    $200 26
Margaret

Michele
    $200 15
decagon

Rick
    $200 4
(1 of) cuckoos, deer, wolves or lambs

Triple Stumper
    $400 3
base

Michele
    $400 11
Mia Hamm

Brad
    $400 22
News

Brad
    $400 27
(Michele: Who is [inaudible response}?)

Robert Browning

Michele
Triple Stumper
    $400 16
decorum

Brad
    $400 5
Hamlet

Rick
    $600 9
drop/kick/roll it

Rick
    $1,900 12
(Chris) Evert

Brad
    $600 23
Chronicle

Rick
    $600 28
Nottingham

Triple Stumper
    $600 17
declension

Triple Stumper
    $600 6
(Michele: What is The English Patient?)

American Beauty

Michele
Triple Stumper
    $800 10
solutions

Brad
    $800 13
(Brad: Who was Summer Sanders?)

Janet Evans

MicheleBrad
    $800 24
Dispatch

Rick
    $2,000 29
(Alex: Michele?)
(Michele: What is... Plymouth?)
[end-of-round signal sounds]

Portsmouth

Michele
    $800 18
decolletage

Michele
    $800 7
In the Heat of the Night

Rick
    $1000 21
(Rick: What is an inclined plane?)

wedge

Rick
Triple Stumper
    $1000 14
Debi Thomas

Brad
    $1000 25
Telegram

Rick
    $1000 19
The Decameron

Rick
    $1000 8
How Green Was My Valley

Rick

Scores at the end of the Double Jeopardy! Round:

Michele Rick Brad
$1,400 $9,100 $4,800

[wagering suggestions for these scores]

Final Jeopardy! Round responses

STATE CAPITALS
MicheleWhat is Honolulu?
$1,000
BradWhat is Hartford?
$4,301
RickWhat is Honolulu?
$600
Honolulu, Hawaii

Final scores:

Michele Rick Brad
$2,400 $9,700 $499
2nd place: Trip to Wyndham Rose Hall Resort in Montego Bay, Jamaica 2-day champion: $18,500 3rd place: Gift certificate from the American Historic Society

Game dynamics:

Coryat scores:

Michele Rick Brad
$3,900 $9,100 $3,500
14 R,
5 W
(including 2 DDs)
22 R,
1 W
14 R
(including 1 DD),
4 W

Combined Coryat: $16,500

[game clues] [game scores] [suggest correction]

Game tape date: 2000-03-29
The J! Archive is created by fans, for fans. Scraping, republication, monetization, and malicious use prohibited; this site may use cookies and collect identifying information. See terms. The Jeopardy! game show and all elements thereof, including but not limited to copyright and trademark thereto, are the property of Jeopardy Productions, Inc. and are protected under law. This website is not affiliated with, sponsored by, or operated by Jeopardy Productions, Inc. Join the discussion at JBoard.tv.